000 00631nam a22002177a 4500
999 _c12545
_d12545
003 AR-CdUCM
008 190409b ||||| |||| 00| 0 spa d
020 _a978-607-735-587-8
040 _aMUNICIPALIDAD PROVINCIAL DEL CUSCO
_cBIBLIOTECA MUNICIPAL DEL CUSCO
082 _aEP / 808.06 /
_bR55
100 _aRiddle, Tohby
_930427
245 _aInolvidables /
260 _aMéxico :
_bOcéano travesía,
_c2012.
300 _bImágenes.
_c26 cm.
500 _aTexto sin numeración.
505 _aContenido :Inolvidables.
650 _aHistorietas.
_910786
650 _aCuentos.
_9217
942 _2ddc
_cLIBROS
945 _arum